Uslub Iltifat dalam al-Qur'an /
Saved in:
| Main Author: | |
|---|---|
| Format: | Thesis |
| Language: | English Indonesian |
| Published: |
Jakarta :
Universitas Islam Negeri (UIN) Syarif Hidayatullah,
2006
|
| Subjects: | |
| Tags: |
Add Tag
No Tags, Be the first to tag this record!
|
| LEADER | 010760000a22002410004500 | ||
|---|---|---|---|
| 008 | 120814t2006 io g m 000 0 eng d | ||
| 040 | |a UIAM |b eng | ||
| 041 | |a ind | ||
| 050 | |a BP131.3 | ||
| 100 | 1 | |a Zaenuddin, Mamat | |
| 245 | 1 | 0 | |a Uslub Iltifat dalam al-Qur'an / |c oleh Mamat Zaenuddin |
| 260 | |a Jakarta : |b Universitas Islam Negeri (UIN) Syarif Hidayatullah, |c 2006 | ||
| 300 | |a 281 leaves ; |c 30 cm. | ||
| 500 | |a "Disertasi diajukan untuk melengkapi persyaratan guna memperoleh gelar doktor dalam bidang bahasa dan sastra Arab".--On t.p. | ||
| 502 | |a Thesis (Ph.D.)--Universiti Islam Negeri (UIN) Syarif Hidyatullah, 2006 | ||
| 504 | |a Includes bibliographical references (leaves 273-276). | ||
| 596 | |a 1 | ||
| 630 | 0 | |a Qur'an |x Language, style | |
| 655 | 0 | 7 | |a Theses, Facsimile edition (Islamic) |
| 710 | 2 | |a Universitas Islam Negeri (UIN) Syarif Hidayatullah Jakarta | |
| 900 | |a zi-hj-sar | ||
| 999 | |c 432763 |d 466251 | ||
| 952 | |0 0 |6 TI BP 000131.3 Z17U 2006 |7 0 |8 THESES |9 756740 |a IIUM |b IIUM |c MULTIMEDIA |g 256.50 |o ti BP 131.3 Z17U 2006 |p 00011228517 |r 2017-10-23 |t 1 |v 256.50 |y THESIS | ||
